000 00430nam a2200157 i 4500
001 38606
003 ES-MaACL
005 20230906155803.0
007 t|
008 030226s1912 sp ||||1| spa d
100 1 _aCamino Nessi, José.
_934082
245 1 3 _aLa ciudad del cielo
_b: novela /
_cescrita por José Camino Nessi.
260 _aMadrid :
_bHijos de T. Minuesa,
_c1912.
300 _a294 p.
852 _aES-MaACL
_jG-1086
999 _c38606
_d38606